JUICE PROCESSING TECHNOLOGY (Record no. 216299)

MARC details
000 -LEADER
fixed length control field 00421nam a22001577a 4500
008 - FIXED-LENGTH DATA ELEMENTS--GENERAL INFORMATION
fixed length control field 251127b |||||||| |||| 00| 0 eng d
020 ## - INTERNATIONAL STANDARD BOOK NUMBER
International Standard Book Number 979-8-88715-066-6
100 ## - MAIN ENTRY--PERSONAL NAME
Personal name ARCAND, MARC
245 ## - TITLE STATEMENT
Title JUICE PROCESSING TECHNOLOGY
260 ## - PUBLICATION, DISTRIBUTION, ETC.
Place of publication, distribution, etc. DUBLIN
Name of publisher, distributor, etc. ORYSON PRESS
Date of publication, distribution, etc. 2023
300 ## - PHYSICAL DESCRIPTION
Extent VI,274P.
500 ## - GENERAL NOTE
General note INCLUDES INDEX
650 ## - SUBJECT ADDED ENTRY
Topical term or geographic name entry element 1. FRUIT JUICES 2. VEGETABLE JUICES
942 ## - ADDED ENTRY ELEMENTS (KOHA)
Source of classification or shelving scheme Library of Congress Classification
Koha item type Long Loan Book
Holdings
Withdrawn status Lost status Source of classification or shelving scheme Damaged status Not for loan Collection Home library Current library Shelving location Date acquired Inventory number Total checkouts Full call number Barcode Date last seen Copy number Price effective from Koha item type
    Library of Congress Classification     Science & Technology Kisii University Library Kisii University Library On Display 11/27/2025 110181   TP 562 .A73 2023 000000018909 11/27/2025 C.1 11/27/2025 Long Loan Book
    Library of Congress Classification     Science & Technology Kisii University Library Kisii University Library On Display 11/27/2025 110182   TP 562 .A73 2023 000000019073 11/27/2025 C.2 11/27/2025 Long Loan Book
    Library of Congress Classification     Science & Technology Kisii University Library Kisii University Library On Display 11/27/2025 110183   TP 562 .A73 2023 000000019074 11/27/2025 C.3 11/27/2025 Long Loan Book
    Library of Congress Classification     Science & Technology Kisii University Library Kisii University Library On Display 11/27/2025 110184   TP 562 .A73 2023 000000019075 11/27/2025 C.4 11/27/2025 Long Loan Book